000 04777nam a2200397 a 4500
003 CHAP
005 20240611172136.0
007 ta
008 231107s2022 mx ado|fom||| 001 0 spa d
040 _erda
041 _aspa
_beng
100 1 _9188236
_aSantos Gaspar, José Antonio
245 1 _aSíntesis y caracterización de nanopartículas de plata (NPs Ag); para su aplicación como agente antimicrobiano /
_cJosé Antonio Santos Gaspar
264 _aChapingo, México :
_bEl autor,
_c2022
300 _a1 recurso en línea (59 páginas) :
_bilustraciones, tablas, gráficas, fotos
336 _2rdacontent
_atexto
_btxt
337 _2rdamedia
_acomputadora
_bc
338 _2rdacarrier
_arecurso en línea
_bcr
502 _aTesis
_bIA
_cAgroindustrias
_d2022
_gLIC
504 _aBibliografía: páginas 53-57
520 3 _aEl efecto de las plagas y enfermedades ocasionadas por microorganismos patógenos ha sido un problema durante mucho tiempo para los productores primarios y secundarios, disminuyendo de manera significativa su rendimiento y usando indiscriminadamente agroquímicos. Se decidió diseñar nanopartículas de plata (NPs Ag), debido a sus propiedades antimicrobianas y así generar nuevas metodologías para inhibir microorganismos patógenos. Este trabajo presenta la síntesis y caracterización de NPs Ag por el método de reducción química de sales utilizando nitrato de plata como precursor, glucosa como agente reductor y gelatina como estabilizante. Se realizaron cuatro tratamientos (T1, T2, T3, T4) con tres repeticiones por tratamiento, para obtener nanopartículas (NPs) de tamaños promedio de 20 nm y con distribución homogénea; que posteriormente se utilizarán para evaluar su efecto antimicrobiano. Las NPs Ag se caracterizaron utilizando espectroscopia ultravioleta visible (UV-Vis), microscopia electrónica de transmisión (TEM), difracción de rayos X (DRX), potencial zeta (PZ) y diámetro hidrodinámico (DH). Los espectros UV-Vis mostraron una resonancia de plasmón superficial característica de las NPs Ag con valores de 418, 428, 422 y 423 nm para el T1, T2, T3 y T4, respectivamente. Mediante TEM se observó la morfología de las NPs Ag con tamaños promedio de 11.039, 18.56, 15.84 y 12.13873 nm para el T1, T2, T3 y T4, respectivamente. Los resultados obtenidos en DRX confirman la presencia de NPs Ag con estructura cristalina cúbica. Finalmente, los resultados obtenidos de DH fueron 363.4, 598.23, 389.06 y 324.56 nm para T1, T2, T3 y T4, respectivamente.
520 3 _aThe effect of pests and diseases caused by pathogenic microorganisms has been a problem for a long time for primary and secondary producers, significantly reducing their yield and using agrochemicals indiscriminately. It was decided to design silver nanoparticles (NPs Ag), due to their antimicrobial properties and thus generate new methodologies to inhibit pathogenic microorganisms. This work presents the synthesis and characterization of Ag NPs by the method of chemical reduction of salts using silver nitrate as precursor, glucose as reducing agent and gelatin as stabilizer. Four treatments (T1, T2, T3, T4) were carried out with three repetitions per treatment, to obtain nanoparticles (NPs) with an average size of 20 nm and with a homogeneous distribution; which will later be used to evaluate their antimicrobial effect. Ag NPs were characterized using ultraviolet visible spectroscopy (UV-Vis), transmission electron microscopy (TEM), X-ray diffraction (XRD), zeta potential (ZP), and hydrodynamic diameter (DH). The UV-Vis spectra showed a characteristic surface plasmon resonance of the Ag NPs with values of 418, 428, 422 and 423 nm for T1, T2, T3 and T4, respectively. Through TEM, the morphology of the Ag NPs was observed with average sizes of 11.039, 18.56, 15.84 and 12.13873 nm for T1, T2, T3 and T4, respectively. The results obtained in XRD confirm the presence of Ag NPs with a cubic crystal structure. Finally, the results obtained from DH were 363.4, 598.23, 389.06 and 324.56 nm for T1, T2, T3 and T4, respectively
650 1 3 _9163392
_aNanopartículas
_2atg
650 1 3 _989115
_aPlata
_2atg
650 1 3 _9188238
_aNanoplata
_2atg
650 1 3 _9188240
_aPropiedades antimicrobianas
_2atg
650 1 3 _9163395
_aNanoparticles
_2atg
650 1 3 _9188237
_aSilver
_2atg
650 1 3 _9188239
_aNanosilver
_2atg
650 1 3 _9188241
_aAntimicrobial properties
_2atg
700 1 _9163399
_aNavarro Cerón, Elizabeth
_edirectora
700 1 _9163503
_aAguilar Moreno, Guadalupe Stefanny
_easesora
700 1 _9188242
_aSánchez Fernández, Rosa Elvira
_easesora
856 4 0 _yDESCARGAR PDF
_uhttp://10.13.5.2/tesis/tl/1111179-3_Santos-Gaspar_JoseAntonio.pdf
942 _2Clasificación Universidad Autónoma Chapingo
_cTD
999 _c219351
_d219351